000 00685nam a2200133Ia 4500
008 220620s9999||||xx |||||||||||||| ||und||
022 _a16648714
100 _aAles Stuchlik||Tomiki Sumiyoshi
245 0 _aCognitive deficits in schizophrenia and other neuropsychiatric disorders: Convergence of preclinical and clinical evidence
546 _aEnglish[eng]
650 _aLearning||Neurology||cognitive deficits||Memory||neuropsychiatric disorders||Cognition||translation research||animal model||Psychiatry
856 _uhttp://journal.frontiersin.org/researchtopic/1370/cognitive-deficits-in-schizophrenia-and-other-neuropsychiatric-disorders-convergence-of-preclinical
942 _cEB
999 _c24591
_d24591